| 000 | 00414nam a2200085Ia 4500 | ||
|---|---|---|---|
| 008 | 180130s9999 xx 000 0 und d | ||
| 245 |
_cMatthew Kliethermes & Rachel Wamser _aAdolescents with Complex Trauma, |
||
| 300 | _aBook title: Trauma-focused CBT for children and adolescents : treatment applications--Acession number c20996; pages 175-198 | ||
| 650 | _aCOGNITIVE THERAPY, POST-TRAUMATIC STRESS DISORDER--TREATMENT, | ||
| 999 |
_c354615 _d354615 |
||